[Event "Gausdal Troll Masters"]
[Site "Gausdal, Norway"]
[Date "2003.01.10"]
[Round "4"]
[White "Womacka, Mathias"]
[Black "Nordahl, Helge"]
[Result "1/2-1/2"]
[WhiteElo "2496"]
[BlackElo "2303"]
[PlyCount "80"]
[EventDate "2003.01.??"]
[Source "EeEk"]
[SourceDate "2003.01.08"]

1. e4 c5 2. Nf3 d6 3. d4 cxd4 4. Nxd4 Nf6 5. Nc3 a6 6. Be2 e5 7. Nb3 Be7 8. Be3
Be6 9. Nd5 Nbd7 10. Qd3 Bxd5 11. exd5 O-O 12. g4 Nc5 13. Nxc5 dxc5 14. O-O-O
Bd6 15. g5 Ne8 16. Bg4 b5 17. c3 c4 18. Qc2 Qa5 19. Kb1 b4 20. cxb4 Qxb4 21.
Be2 Rc8 22. Bd2 Qb5 23. Bc3 f5 24. gxf6 Nxf6 25. Bf3 a5 26. a4 Qd7 27. Rhe1
Rfe8 28. Re3 Rc5 29. Bg2 Qf7 30. Be4 Nxe4 31. Qxe4 Rf8 32. f3 Qf5 33. Qxf5 Rxf5
34. Be1 Kf7 35. Kc2 Rc8 36. Bg3 Rd8 37. Rc3 Rc8 38. Re3 Rd8 39. Rde1 Bb4 40.
Rd1 Bd6 1/2-1/2

[Event "Gausdal Troll Masters"]
[Site "Gausdal, Norway"]
[Date "2003.01.10"]
[Round "4"]
[White "Miezis, Normunds"]
[Black "Westerinen, Heikki"]
[Result "1/2-1/2"]
[WhiteElo "2523"]
[BlackElo "2374"]
[PlyCount "131"]
[EventDate "2003.01.??"]
[Source "EeEk"]
[SourceDate "2003.01.08"]

1. c4 c5 2. Nc3 b6 3. e4 Nc6 4. g3 g6 5. Bg2 Bg7 6. Nge2 Bb7 7. a3 e6 8. Rb1
Nge7 9. b4 d6 10. d3 O-O 11. O-O Qd7 12. f4 Nd4 13. Bd2 f5 14. h3 Rad8 15. Kh2
Rfe8 16. Rf2 Ba8 17. b5 Qc8 18. Qa4 Qc7 19. Re1 Kh8 20. Qd1 Bb7 21. a4 d5 22.
exd5 exd5 23. Nxd5 Nxd5 24. cxd5 Qd7 25. Nc3 Rxe1 26. Bxe1 Re8 27. Bd2 Kg8 28.
Rf1 Kf7 29. Re1 Bf6 30. Rxe8 Kxe8 31. g4 fxg4 32. hxg4 Bg7 33. Be4 Bc8 34. Kg3
Kf7 35. Bg2 Kg8 36. Ne4 Bb7 37. Qh1 Ne2+ 38. Kf2 Nd4 39. Qh4 Bxd5 40. Ng5 h6
41. Ne4 Kf7 42. Be3 Bb3 43. a5 Bd1 44. axb6 axb6 45. Nc3 Bxg4 46. Qh1 Nc2 47.
Bd5+ Kf8 48. Bd2 Nb4 49. Bc4 Nxd3+ 50. Kg3 Be6 51. Qa8+ Kf7 52. Bxe6+ Qxe6 53.
Qb7+ Kg8 54. Qd5 Qxd5 55. Nxd5 c4 56. Kf3 Nc5 57. Be3 Na4 58. Bxb6 Nxb6 59.
Nxb6 c3 60. Ke2 Kf7 61. Nd5 Bd4 62. b6 Bxb6 63. Nxb6 Ke6 64. Nc4 c2 65. Kd2 Kf5
66. Ne5 1/2-1/2

[Event "Gausdal Troll Masters"]
[Site "Gausdal, Norway"]
[Date "2003.01.10"]
[Round "4"]
[White "Hanley, Craig"]
[Black "Ovsejevitsch, Sergei"]
[Result "1/2-1/2"]
[WhiteElo "2359"]
[BlackElo "2517"]
[PlyCount "56"]
[EventDate "2003.01.??"]
[Source "EeEk"]
[SourceDate "2003.01.08"]

1. c4 e5 2. g3 Nc6 3. Bg2 g6 4. Nc3 Bg7 5. e4 d6 6. Nge2 f5 7. d3 Nf6 8. O-O
O-O 9. Nd5 Be6 10. Bg5 Qd7 11. exf5 Bxf5 12. Qd2 Kh8 13. Rae1 Ng8 14. Be3 Nd4
15. f3 c6 16. Ndc3 Rae8 17. g4 Be6 18. Ne4 Nxe2+ 19. Rxe2 Nf6 20. h3 Nxe4 21.
fxe4 Rxf1+ 22. Kxf1 d5 23. b3 dxc4 24. dxc4 Qe7 25. Bg5 Qa3 26. Rf2 a5 27. Kg1
Kg8 28. Kh2 Qb4 1/2-1/2

[Event "Gausdal Troll Masters"]
[Site "Gausdal, Norway"]
[Date "2003.01.10"]
[Round "4"]
[White "Bluvshtein, Mark"]
[Black "Agopov, Mikael"]
[Result "1/2-1/2"]
[WhiteElo "2461"]
[BlackElo "2376"]
[PlyCount "83"]
[EventDate "2003.01.??"]
[Source "EeEk"]
[SourceDate "2003.01.08"]

1. e4 c5 2. Nf3 d6 3. d4 cxd4 4. Nxd4 Nf6 5. Nc3 a6 6. Bg5 e6 7. f4 Be7 8. Qf3
Qc7 9. O-O-O Nbd7 10. g4 b5 11. Bxf6 Nxf6 12. g5 Nd7 13. f5 Nc5 14. fxe6 fxe6
15. a3 Rb8 16. b4 Na4 17. Nxa4 bxa4 18. Kb2 g6 19. Bxa6 Bxa6 20. Nxe6 Qc4 21.
Ng7+ Kd8 22. e5 Bb7 23. Qe3 Bxh1 24. exd6 Be4 25. Rd2 Bf8 26. Qa7 Rb7 27. Qa8+
Qc8 28. Qa5+ Kd7 29. Qe5 Bxg7 30. Qxg7+ Kc6 31. Qc3+ Kb6 32. Qd4+ Ka6 33. Qxe4
Rd8 34. c4 Qf5 35. Qc6+ Ka7 36. Qxa4+ Kb8 37. Qb3 Qxg5 38. Qc3 Rc8 39. h4 Qc5
40. Rd5 Qf2+ 41. Rd2 Qc5 42. Rd5 1/2-1/2

[Event "Gausdal Troll Masters"]
[Site "Gausdal, Norway"]
[Date "2003.01.10"]
[Round "4"]
[White "Gambäck, Björn"]
[Black "Kovalevskaya, Ekaterina"]
[Result "0-1"]
[WhiteElo "2213"]
[BlackElo "2452"]
[PlyCount "70"]
[EventDate "2003.01.??"]
[Source "EeEk"]
[SourceDate "2003.01.08"]

1. e4 c5 2. c3 d6 3. d4 Nf6 4. Bd3 g6 5. Nf3 Bg7 6. O-O O-O 7. h3 Nc6 8. Re1 e5
9. Bf1 Qe7 10. d5 Nd8 11. b4 b6 12. a4 Nd7 13. a5 Rb8 14. axb6 axb6 15. Bb5 f5
16. Ra7 Rb7 17. Qa4 Nf6 18. Rxb7 Bxb7 19. bxc5 bxc5 20. exf5 gxf5 21. c4 Nf7
22. Qc2 Bc8 23. Nc3 e4 24. Re2 Nh5 25. Nd1 Qf6 26. Ne1 Qg6 27. f3 Ng5 28. Bxg5
Qxg5 29. g4 Bd4+ 30. Kh1 Qh4 31. Nf2 Ng3+ 32. Kg2 Nxe2 33. Qxe2 fxg4 34. hxg4
exf3+ 35. Nxf3 Qxf2+ 0-1

[Event "Gausdal Troll Masters"]
[Site "Gausdal, Norway"]
[Date "2003.01.10"]
[Round "4"]
[White "Rozentalis, Eduardas"]
[Black "Hole, Øystein"]
[Result "1-0"]
[WhiteElo "2585"]
[BlackElo "2252"]
[PlyCount "89"]
[EventDate "2003.01.??"]
[Source "EeEk"]
[SourceDate "2003.01.08"]

1. e4 c6 2. Nc3 d5 3. Nf3 Bg4 4. h3 Bxf3 5. Qxf3 Nf6 6. d3 e6 7. g3 Bb4 8. a3
Qa5 9. Bd2 d4 10. Nb1 Bxd2+ 11. Nxd2 e5 12. h4 h5 13. Bh3 Nbd7 14. Qe2 Qc5 15.
Rc1 Qe7 16. O-O O-O 17. f4 Rfe8 18. Rf2 b5 19. Rcf1 c5 20. Bxd7 Qxd7 21. fxe5
Rxe5 22. Nf3 Re7 23. Ng5 Re5 24. Rxf6 gxf6 25. Rxf6 Kg7 26. Rxf7+ Qxf7 27. Nxf7
Kxf7 28. Qf2+ Kg7 29. Qf4 Rae8 30. b4 cxb4 31. axb4 R8e6 32. Kg2 a6 33. Kh3 Kg8
34. Qc1 Kf7 35. c3 dxc3 36. Qxc3 Kg6 37. Qc7 Re7 38. Qb8 Re8 39. Qd6+ R8e6 40.
Qd4 Re7 41. Kg2 R5e6 42. Qd5 Re5 43. Qg8+ Kh6 44. Kf3 Re8 45. Qf7 1-0

[Event "Gausdal Troll Masters"]
[Site "Gausdal, Norway"]
[Date "2003.01.10"]
[Round "4"]
[White "Nygren, Kim"]
[Black "Shumiakina, Tatiana"]
[Result "0-1"]
[WhiteElo "2202"]
[BlackElo "2364"]
[PlyCount "82"]
[EventDate "2003.01.??"]
[Source "EeEk"]
[SourceDate "2003.01.08"]

1. e4 c5 2. Nf3 Nc6 3. d4 cxd4 4. Nxd4 Nf6 5. Nc3 e5 6. Ndb5 d6 7. Bg5 a6 8.
Na3 b5 9. Nab1 Be7 10. Bxf6 Bxf6 11. a4 bxa4 12. Rxa4 O-O 13. Bc4 Nd4 14. O-O
Rb8 15. b3 a5 16. Nd5 Bg5 17. f4 Bh6 18. f5 g6 19. c3 Nc6 20. f6 Bg5 21. Qe1 h5
22. Qg3 Bh6 23. Nf4 Kh7 24. Bxf7 Qxf6 25. Nd5 Qxf1+ 26. Kxf1 Rxf7+ 27. Ke1 Rxb3
28. Nd2 Bxd2+ 29. Kxd2 Rb2+ 30. Kc1 Re2 31. Ne3 Rff2 32. h3 Re1+ 33. Nd1 Rff1
34. Rc4 Rxd1+ 35. Kc2 Nb4+ 36. cxb4 Rc1+ 37. Kb2 Rxc4 38. bxa5 Ba6 39. Qh4 Rf7
40. Qd8 Rb7+ 41. Ka3 Rc1 0-1

[Event "Gausdal Troll Masters"]
[Site "Gausdal, Norway"]
[Date "2003.01.10"]
[Round "4"]
[White "Andersen, Alf R"]
[Black "Leer-Salvesen, Bjarte"]
[Result "0-1"]
[WhiteElo "2142"]
[BlackElo "2329"]
[PlyCount "72"]
[EventDate "2003.01.??"]
[Source "EeEk"]
[SourceDate "2003.01.08"]

1. e4 e6 2. d3 d5 3. Nd2 Nf6 4. Ngf3 Nc6 5. g3 dxe4 6. dxe4 e5 7. Bg2 Bc5 8. c3
a5 9. O-O O-O 10. Qc2 Be6 11. h3 Qe7 12. Ng5 Rfd8 13. Nxe6 Qxe6 14. Qb3 Qxb3
15. axb3 b5 16. Kh2 Rab8 17. f4 Be3 18. Nf3 Bxc1 19. Rfxc1 exf4 20. gxf4 Nxe4
21. Re1 f5 22. Ne5 Nxe5 23. Bxe4 Rd2+ 24. Kg1 fxe4 25. fxe5 Rxb2 26. Rxa5 Rxb3
27. Rxe4 Rxc3 28. Kg2 b4 29. e6 b3 30. Rf5 g6 31. Rf1 b2 32. e7 Re8 33. Rb1
Rc2+ 34. Kg3 c5 35. Re5 c4 36. Rb5 c3 0-1

[Event "Gausdal Troll Masters"]
[Site "Gausdal, Norway"]
[Date "2003.01.10"]
[Round "4"]
[White "Martinsen, Stig K"]
[Black "Bisby, Daniel"]
[Result "1/2-1/2"]
[WhiteElo "2085"]
[BlackElo "2283"]
[PlyCount "62"]
[EventDate "2003.01.??"]
[Source "EeEk"]
[SourceDate "2003.01.08"]

1. d4 d5 2. Nf3 Nf6 3. e3 c5 4. dxc5 e6 5. b4 a5 6. c3 b6 7. a4 bxc5 8. b5 Bd6
9. c4 O-O 10. Nc3 Bb7 11. Be2 Nbd7 12. Ba3 Qc7 13. Rc1 Rfe8 14. h3 Rad8 15.
cxd5 exd5 16. O-O Ne5 17. b6 Nxf3+ 18. Bxf3 Qxb6 19. Rb1 Qc6 20. Qb3 Ba8 21.
Qb6 Qxb6 22. Rxb6 Be5 23. Ne2 c4 24. Rb5 Bc6 25. Rxa5 Ra8 26. Rc5 Bxa4 27. Bxd5
Nxd5 28. Rxd5 Bc6 29. Rc5 Be4 30. Bb4 Bd3 31. Re1 Bd6 1/2-1/2

[Event "Gausdal Troll Masters"]
[Site "Gausdal, Norway"]
[Date "2003.01.10"]
[Round "4"]
[White "Astengo, Corrado"]
[Black "Lugovoi, Aleksei"]
[Result "0-1"]
[WhiteElo "2172"]
[BlackElo "2540"]
[PlyCount "74"]
[EventDate "2003.01.??"]
[Source "EeEk"]
[SourceDate "2003.01.08"]

1. e4 c5 2. Nf3 d6 3. d4 cxd4 4. Nxd4 Nf6 5. Nc3 Nc6 6. f4 e5 7. Nxc6 bxc6 8.
fxe5 Ng4 9. Be2 Nxe5 10. Be3 Be7 11. O-O O-O 12. Qd2 Be6 13. Rad1 Qc7 14. Bd4
Rfe8 15. Qf4 Bf8 16. Na4 g6 17. Nc5 Bc8 18. Nd3 Bg7 19. Bc3 Ba6 20. Qf2 Nxd3
21. cxd3 Bxc3 22. bxc3 Re7 23. Rde1 Rae8 24. Qf4 d5 25. Qxc7 Rxc7 26. exd5 cxd5
27. c4 dxc4 28. dxc4 Rce7 29. Kf2 Rxe2+ 30. Rxe2 Rxe2+ 31. Kxe2 Bxc4+ 32. Kf2
Bxf1 33. Kxf1 f5 34. h4 Kf7 35. Kf2 Ke6 36. Ke3 Ke5 37. Kf3 h6 0-1

[Event "Gausdal Troll Masters"]
[Site "Gausdal, Norway"]
[Date "2003.01.10"]
[Round "4"]
[White "Glenne, Bjørn Erik"]
[Black "Molander, Riku"]
[Result "0-1"]
[WhiteElo "2203"]
[BlackElo "2291"]
[PlyCount "70"]
[EventDate "2003.01.??"]
[Source "EeEk"]
[SourceDate "2003.01.08"]

1. d4 Nf6 2. c4 b6 3. Nc3 Bb7 4. f3 Nc6 5. d5 Ne5 6. e4 e6 7. f4 Ng6 8. e5 Ng8
9. a3 Bc5 10. Nf3 Nh4 11. Nxh4 Qxh4+ 12. g3 Qd8 13. Bg2 Nh6 14. b4 Be7 15. O-O
Qb8 16. g4 f5 17. exf6 Bxf6 18. Bb2 O-O 19. Be4 exd5 20. cxd5 c5 21. dxc6 Bxc6
22. g5 Bxc3 23. Qb3+ Rf7 24. Bxc6 Bxb2 25. Qxb2 dxc6 26. gxh6 Qd6 27. Qb3 Qxh6
28. Rae1 Qf6 29. Qc4 b5 30. Qc5 Raf8 31. Re5 h6 32. f5 Qh4 33. Rf3 Rd8 34. Rg3
Rd2 35. Re8+ Kh7 {Time} 0-1

[Event "Gausdal Troll Masters"]
[Site "Gausdal, Norway"]
[Date "2003.01.10"]
[Round "4"]
[White "Knudsen, Ragnar"]
[Black "Fäldt, Magnus"]
[Result "0-1"]
[WhiteElo "1817"]
[BlackElo "2252"]
[PlyCount "56"]
[EventDate "2003.01.??"]
[Source "EeEk"]
[SourceDate "2003.01.08"]

1. Nf3 d5 2. c4 c6 3. b3 Nf6 4. Bb2 Bf5 5. g3 e6 6. Bg2 Nbd7 7. O-O h6 8. d3
Be7 9. Nbd2 O-O 10. a3 a5 11. Qc2 Bh7 12. Bc3 b5 13. cxb5 cxb5 14. Bd4 Qb8 15.
Qa2 e5 16. Bb2 Bd6 17. Ne1 Qb6 18. Rc1 Rac8 19. Rxc8 Rxc8 20. Qa1 e4 21. d4 Bf5
22. f3 e3 23. Nb1 b4 24. a4 Qa6 25. g4 Bxb1 26. Qxb1 Qxe2 27. Bc1 Rc3 28. h3
Bg3 0-1

[Event "Gausdal Troll Masters"]
[Site "Gausdal, Norway"]
[Date "2003.01.10"]
[Round "4"]
[White "Lönngren, Tobias"]
[Black "Poulsen, Martin"]
[Result "0-1"]
[WhiteElo "2122"]
[BlackElo "2244"]
[PlyCount "79"]
[EventDate "2003.01.??"]
[Source "EeEk"]
[SourceDate "2003.01.08"]

1. d4 Nf6 2. c4 c5 3. d5 b5 4. cxb5 a6 5. bxa6 g6 6. Nc3 Bxa6 7. e4 Bxf1 8.
Kxf1 d6 9. Nf3 Nbd7 10. g3 Bg7 11. Kg2 O-O 12. h3 Qb6 13. Re1 Rfb8 14. Re2 Ne8
15. Bg5 Nc7 16. Rc1 Kf8 17. b3 Nb5 18. Nxb5 Qxb5 19. Rcc2 Rb7 20. Qd2 Bh8 21.
Bf4 Nb6 22. e5 c4 23. exd6 c3 24. Rxc3 Bxc3 25. Qxc3 Kg8 26. Bh6 f6 27. Qe3
Qxd5 28. dxe7 Re8 29. Bf8 Qf7 30. Nd4 Nc8 31. Qf3 Rd7 32. Nc6 Na7 33. Nb4 Rd6
34. Qb7 Nc8 35. Qc7 Rd4 36. a3 Qxb3 37. Nc6 Qd5+ 38. Kh2 Rd1 39. g4 Qf3 40. Rb2
0-1

[Event "Gausdal Troll Masters"]
[Site "Gausdal, Norway"]
[Date "2003.01.10"]
[Round "4"]
[White "Ohlzon, Nils-Johan"]
[Black "Johansen, Paul"]
[Result "0-1"]
[WhiteElo "2176"]
[BlackElo "2239"]
[PlyCount "120"]
[EventDate "2003.01.??"]
[Source "EeEk"]
[SourceDate "2003.01.08"]

1. e4 c5 2. Nf3 Nc6 3. d4 cxd4 4. Nxd4 Nf6 5. Nc3 d6 6. Bg5 a6 7. Qd2 Nxd4 8.
Qxd4 Qa5 9. Bxf6 gxf6 10. O-O-O Bh6+ 11. Kb1 Be6 12. Be2 Rc8 13. Nd5 Rg8 14. g3
Bg7 15. Qb4 Qxb4 16. Nxb4 f5 17. exf5 Bxf5 18. Bd3 Bg4 19. Rd2 Bf3 20. Re1 Bh6
21. Rde2 Bxe2 22. Rxe2 Bf8 23. Nd5 Kd8 24. h4 h6 25. c3 e6 26. Nf6 Rh8 27. Kc2
Be7 28. Ng4 Kd7 29. Kd2 Rcg8 30. Ne3 d5 31. Nc2 Bc5 32. Ne1 d4 33. Nf3 dxc3+
34. Kxc3 Rc8 35. Ne5+ Ke7 36. Kb3 Rhd8 37. Be4 Rd4 38. a3 Rc7 39. Ka2 Bd6 40.
Nf3 Rd1 41. g4 Bc5 42. Ne5 Bd4 43. Nd3 Bf6 44. h5 Rd7 45. Re3 Rd2 46. Kb1 Rc7
47. f4 Rd1+ 48. Ka2 Bd4 49. Rg3 Rc2 50. g5 Rxd3 51. Rxd3 Rxb2+ 52. Ka1 Bh8 53.
Bh7 hxg5 54. fxg5 Rg2+ 55. Kb1 Rxg5 56. Rh3 Rc5 57. h6 Rc3 58. Bd3 Rxa3 59. h7
Rc3 60. Rg3 a5 0-1

[Event "Gausdal Troll Masters"]
[Site "Gausdal, Norway"]
[Date "2003.01.10"]
[Round "4"]
[White "Charleshouse, Glenn"]
[Black "Johansson, Per"]
[Result "1-0"]
[WhiteElo "2284"]
[BlackElo "2016"]
[PlyCount "45"]
[EventDate "2003.01.??"]
[Source "EeEk"]
[SourceDate "2003.01.08"]

1. e4 c6 2. c4 d5 3. exd5 cxd5 4. d4 Nf6 5. Nc3 Nc6 6. cxd5 Nxd5 7. Nf3 Bg4 8.
Qb3 Bxf3 9. gxf3 e6 10. Qxb7 Ndb4 11. Bb5 Rc8 12. d5 exd5 13. Nxd5 Be7 14. Nxb4
Bxb4+ 15. Ke2 Qe7+ 16. Qxe7+ Kxe7 17. Be3 Rhd8 18. Rhd1 Bd6 19. Rac1 Nb4 20. a3
Rb8 21. Ba4 Na6 22. b4 Nc7 23. Rxd6 1-0

[Event "Gausdal Troll Masters"]
[Site "Gausdal, Norway"]
[Date "2003.01.10"]
[Round "4"]
[White "Pedersen, Øyvind"]
[Black "Simonsen, Olavur"]
[Result "0-1"]
[WhiteElo "2054"]
[BlackElo "2265"]
[PlyCount "80"]
[EventDate "2003.01.??"]
[Source "EeEk"]
[SourceDate "2003.01.08"]

1. e4 e5 2. Nf3 Nc6 3. Bb5 f5 4. d3 d6 5. c3 fxe4 6. dxe4 Nf6 7. O-O Be7 8. Bg5
O-O 9. Nbd2 Kh8 10. Re1 Nh5 11. Bxe7 Nxe7 12. g3 Bg4 13. Be2 Nf6 14. Ng5 Bxe2
15. Rxe2 Qd7 16. Qf1 Qg4 17. Ngf3 Ng6 18. Qg2 Nh5 19. Re3 h6 20. c4 Rf6 21. Rc1
Qe6 22. Ne1 Raf8 23. Rf3 Rxf3 24. Ndxf3 Rf6 25. Kh1 Qf7 26. Rc2 Nf8 27. Nh4 g6
28. b3 Ne6 29. Nd3 Nd4 30. Rc1 Ng7 31. c5 g5 32. Nf5 Ngxf5 33. exf5 Rxf5 34.
Qxb7 d5 35. Rf1 g4 36. Qb4 Rh5 37. Nxe5 Rxh2+ 38. Kg1 Ne2+ 39. Kxh2 Qh5+ 40.
Kg2 Qh3# 0-1

[Event "Gausdal Troll Masters"]
[Site "Gausdal, Norway"]
[Date "2003.01.10"]
[Round "4"]
[White "Berning, Boris"]
[Black "Sander, Rolf"]
[Result "1-0"]
[WhiteElo "2240"]
[BlackElo "2048"]
[PlyCount "107"]
[EventDate "2003.01.??"]
[Source "EeEk"]
[SourceDate "2003.01.08"]

1. e4 d5 2. exd5 Qxd5 3. Nc3 Qa5 4. g3 c6 5. Bg2 Nf6 6. Nge2 e5 7. d4 Bd6 8.
Bd2 Qc7 9. O-O O-O 10. Bg5 Nbd7 11. Qd2 Re8 12. Rad1 Be7 13. Rfe1 h6 14. Bh4
Nb6 15. dxe5 Qxe5 16. Nc1 Qf5 17. Bxf6 Qxf6 18. Ne4 Qxb2 19. Nd6 Bg4 20. Nxe8
Rxe8 21. Rxe7 Rxe7 22. Qd8+ Kh7 23. Qxe7 Bxd1 24. Be4+ g6 25. Qxf7+ Qg7 26.
Bxg6+ Kh8 27. Qe8+ Qg8 28. Qxg8+ Kxg8 29. Be4 Nc4 30. Nb3 Na3 31. Na5 Bxc2 32.
Bxc2 Nxc2 33. Nxb7 Nd4 34. f4 Kf7 35. Nc5 Ke7 36. Kf2 Kd6 37. Ne4+ Kd5 38. Nf6+
Ke6 39. Ng4 h5 40. Ne5 c5 41. Ke3 Kd5 42. Kd3 Nf5 43. Nc4 Nd4 44. Ne3+ Ke6 45.
Ke4 Kd6 46. f5 Nb5 47. Nc4+ Ke7 48. Ke5 Nd4 49. f6+ Kf7 50. Nd6+ Kg6 51. f7 Kg7
52. Ke4 Ne6 53. Ke5 Nc7 54. Ne8+ 1-0

[Event "Gausdal Troll Masters"]
[Site "Gausdal, Norway"]
[Date "2003.01.10"]
[Round "4"]
[White "Bue, Gunnar"]
[Black "Nolsøe, Eydun"]
[Result "0-1"]
[WhiteElo "1991"]
[BlackElo "2236"]
[PlyCount "58"]
[EventDate "2003.01.??"]
[Source "EeEk"]
[SourceDate "2003.01.08"]

1. d4 Nf6 2. c4 e6 3. Nf3 b6 4. e3 Bb7 5. Bd3 Be7 6. O-O O-O 7. Nc3 d5 8. b3 c5
9. Bb2 Nbd7 10. Qe2 Ne4 11. Rac1 Rc8 12. Rfd1 Qc7 13. Nb5 Qb8 14. cxd5 Bxd5 15.
Nc3 Nxc3 16. Bxc3 cxd4 17. Nxd4 Bf6 18. Ba6 Bb7 19. Bb5 Nc5 20. f3 Rfd8 21. b4
Nd7 22. Bb2 Ne5 23. f4 Ng6 24. Bc4 Nh4 25. Ba6 Rxc1 26. Rxc1 Bxg2 27. Nc6 Bxb2
28. Nxb8 Bxc1 29. h3 Rd2 0-1

[Event "Gausdal Troll Masters"]
[Site "Gausdal, Norway"]
[Date "2003.01.10"]
[Round "4"]
[White "Larsen, Tor Kristian"]
[Black "Unander, Matts"]
[Result "0-1"]
[WhiteElo "1747"]
[BlackElo "2214"]
[PlyCount "40"]
[EventDate "2003.01.??"]
[Source "EeEk"]
[SourceDate "2003.01.08"]

1. Nf3 c5 2. c4 Nf6 3. Nc3 b6 4. g3 Bb7 5. Bg2 e6 6. O-O a6 7. Re1 d6 8. e4
Nbd7 9. d4 cxd4 10. Nxd4 Rc8 11. e5 Bxg2 12. exf6 Bb7 13. Rxe6+ fxe6 14. fxg7
Bxg7 15. Qh5+ Ke7 16. Nxe6 Kxe6 17. Ne2 Rc5 18. Nf4+ Ke7 19. Qg4 Qg8 20. Ne6
Bf6 0-1

[Event "Gausdal Troll Masters"]
[Site "Gausdal, Norway"]
[Date "2003.01.10"]
[Round "4"]
[White "Korhonen, Pasi"]
[Black "Bjørgvik, Jan Arne"]
[Result "0-1"]
[WhiteElo "2115"]
[BlackElo "1609"]
[PlyCount "96"]
[EventDate "2003.01.??"]
[Source "EeEk"]
[SourceDate "2003.01.08"]

1. e4 c5 2. Nc3 Nc6 3. Nge2 e6 4. g3 d5 5. d3 d4 6. Nb1 e5 7. Bg2 Nf6 8. O-O
Be7 9. h3 h5 10. a4 Bd7 11. Na3 Qc8 12. Kh2 Nd8 13. Nc4 Nc6 14. f4 exf4 15.
Nxf4 h4 16. g4 Qc7 17. Kh1 g5 18. Nd5 Nxd5 19. exd5 Nd8 20. Qe2 Kf8 21. Re1 Bf6
22. Qf3 Rh6 23. Bd2 Rb8 24. Rf1 b6 25. Ra2 Be8 26. b4 Nb7 27. b5 Nd6 28. Raa1
Nxc4 29. dxc4 Qd6 30. Rae1 Rb7 31. Qf5 Bd7 32. Re6 Bxe6 33. dxe6 Re7 34. Bxg5
Bxg5 35. exf7 Rf6 36. Qc8+ Kxf7 37. Rxf6+ Qxf6 38. Bd5+ Kg6 39. Qg8+ Qg7 40.
Qc8 Re1+ 41. Kg2 Qe7 42. Qg8+ Qg7 43. Qc8 Kh6 44. Bf3 d3 45. Be4 dxc2 46. Qe8
Rg1+ 47. Kf3 Qc3+ 48. Kf2 Qe3# 0-1

[Event "Gausdal Troll Masters"]
[Site "Gausdal, Norway"]
[Date "2003.01.10"]
[Round "4"]
[White "Bryn, Askild"]
[Black "Johansen, Kai-Roger"]
[Result "0-1"]
[WhiteElo "1616"]
[BlackElo "2084"]
[PlyCount "84"]
[EventDate "2003.01.??"]
[Source "EeEk"]
[SourceDate "2003.01.08"]

1. e4 d5 2. exd5 Qxd5 3. Qf3 Nf6 4. Qxd5 Nxd5 5. c3 c5 6. Nf3 Bg4 7. Ne5 Bf5 8.
Bb5+ Nd7 9. Bxd7+ Bxd7 10. Nxd7 Kxd7 11. d3 e5 12. O-O Bd6 13. Na3 a6 14. Nc4
Bc7 15. Rd1 Rad8 16. Ne3 Nf4 17. g3 Ne6 18. Nd5 Bd6 19. Be3 Kc6 20. c4 f5 21.
Bd2 Rhf8 22. Bc3 b5 23. b3 f4 24. Re1 fxg3 25. fxg3 Nd4 26. Bxd4 cxd4 27. Rf1
bxc4 28. bxc4 Kc5 29. Rae1 Rb8 30. Re2 Rxf1+ 31. Kxf1 Rb1+ 32. Re1 Rxe1+ 33.
Kxe1 e4 34. Ke2 e3 35. Kf3 g5 36. Nf6 Kb4 37. Ne4 Be7 38. g4 a5 39. Ng3 Bd6 40.
Ne2 Bc5 41. Ke4 a4 42. Kd5 Ba7 0-1

[Event "Gausdal Troll Masters"]
[Site "Gausdal, Norway"]
[Date "2003.01.10"]
[Round "4"]
[White "Svensen, Tarjei Joten"]
[Black "Nilsen, Terje"]
[Result "1-0"]
[WhiteElo "2074"]
[BlackElo "1794"]
[PlyCount "75"]
[EventDate "2003.01.??"]
[Source "EeEk"]
[SourceDate "2003.01.08"]

1. d4 d6 2. Nf3 Nf6 3. g3 Nbd7 4. Bg2 e5 5. dxe5 dxe5 6. O-O Bd6 7. c4 Qe7 8.
Nc3 c6 9. e4 O-O 10. Qe2 Rd8 11. Rd1 Nf8 12. h3 Be6 13. a3 a5 14. Be3 Bc7 15.
Nd2 a4 16. f4 g6 17. Qf2 exf4 18. gxf4 Nh5 19. e5 Bf5 20. Nde4 Ne6 21. c5 g5
22. Nd6 Bxd6 23. cxd6 Qd7 24. fxg5 Neg7 25. Kh2 Re8 26. Bd4 c5 27. Bxc5 Rxe5
28. Nd5 Rae8 29. Ne7+ Kf8 30. Re1 Rxe1 31. Rxe1 Be6 32. Bb4 Ra8 33. Rc1 Nf5 34.
Qb6 Nxe7 35. dxe7+ Kg7 36. Qxb7 Qd3 37. Bc3+ Kg6 38. Be4+ 1-0

[Event "Gausdal Troll Masters"]
[Site "Gausdal, Norway"]
[Date "2003.01.10"]
[Round "4"]
[White "Karlsen, Terje"]
[Black "Lahlum, Ida"]
[Result "1-0"]
[WhiteElo "2135"]
[BlackElo "1438"]
[PlyCount "71"]
[EventDate "2003.01.??"]
[Source "EeEk"]
[SourceDate "2003.01.08"]

1. e4 c6 2. d4 d5 3. exd5 cxd5 4. c4 Nf6 5. Nc3 Nc6 6. Nf3 Bf5 7. c5 Ne4 8. Qb3
Nxc3 9. Qxc3 Qc7 10. Bb5 f6 11. O-O e6 12. Re1 Kf7 13. Bd2 Be7 14. b4 Rac8 15.
a4 a6 16. Bd3 Bxd3 17. Qxd3 Ra8 18. b5 axb5 19. axb5 Rxa1 20. Rxa1 Nxd4 21.
Nxd4 Bxc5 22. Rc1 Qb6 23. Be3 h6 24. Nb3 Bxe3 25. Qxe3 Qd6 26. Qa7 Kg6 27. Qc5
Qe5 28. Na5 Ra8 29. Nxb7 Ra2 30. Nd8 Qe2 31. Qe3 Qb2 32. Rf1 Ra1 33. Qd3+ f5
34. Nxe6 Ra3 35. Qxd5 Qe2 36. Nf4+ 1-0

[Event "Gausdal Troll Masters"]
[Site "Gausdal, Norway"]
[Date "2003.01.10"]
[Round "4"]
[White "Hörbing, Stefan"]
[Black "Fossum, Øystein Bøyum"]
[Result "0-1"]
[WhiteElo "2038"]
[BlackElo "2167"]
[PlyCount "28"]
[EventDate "2003.01.??"]
[Source "EeEk"]
[SourceDate "2003.01.08"]

1. e4 e6 2. d4 d5 3. Nc3 Nf6 4. Bg5 Be7 5. Bxf6 Bxf6 6. e5 Be7 7. Qg4 O-O 8.
Bd3 c5 9. dxc5 Nc6 10. f4 Nb4 11. O-O-O Bxc5 12. Nf3 f5 13. Qg3 Qa5 14. Kb1 d4
0-1

[Event "Gausdal Troll Masters"]
[Site "Gausdal, Norway"]
[Date "2003.01.10"]
[Round "4"]
[White "Saulnier, Jean"]
[Black "Torgersen, Terje"]
[Result "1/2-1/2"]
[WhiteElo "1880"]
[BlackElo "1790"]
[PlyCount "123"]
[EventDate "2003.01.??"]
[Source "EeEk"]
[SourceDate "2003.01.08"]

1. d4 d5 2. Nf3 Nf6 3. e3 e6 4. Bd3 c5 5. b3 Nc6 6. O-O Bd6 7. Bb2 O-O 8. Ne5
Nb4 9. Be2 cxd4 10. exd4 Qc7 11. Na3 a6 12. c4 Nc6 13. Nf3 Ne4 14. Rc1 f5 15.
Nc2 Bf4 16. Ne3 Bxe3 17. fxe3 Qe7 18. Nd2 Bd7 19. Bd3 Qg5 20. Qe2 Nxd2 21. Qxd2
Rf6 22. Rf3 Rh6 23. Rg3 Qf6 24. Rf1 Rh4 25. Rff3 Rf8 26. Rh3 g6 27. Qe1 Rxh3
28. Rxh3 dxc4 29. bxc4 e5 30. d5 Nd8 31. Qh4 Qxh4 32. Rxh4 Nf7 33. c5 Rc8 34.
Ba3 e4 35. Be2 g5 36. Rh3 Bb5 37. Kf2 Bxe2 38. Kxe2 Kg7 39. Kd2 Kg6 40. Kc3 h5
41. Kd4 g4 42. Rh4 Kg5 43. g3 Nh8 44. h3 Ng6 45. hxg4 Nxh4 46. gxh4+ Kxg4 47.
d6 Kxh4 48. d7 Rg8 49. c6 bxc6 50. Be7+ Kg4 51. d8=Q Rxd8+ 52. Bxd8 c5+ 53.
Kxc5 f4 54. exf4 e3 55. Kd4 e2 56. Ba5 h4 57. f5 Kxf5 58. Ke3 h3 59. Kf3 h2 60.
Kg2 Ke4 61. Kxh2 Kd3 62. Be1 1/2-1/2

[Event "Gausdal Troll Masters"]
[Site "Gausdal, Norway"]
[Date "2003.01.10"]
[Round "4"]
[White "Hammer, Jon Ludvig"]
[Black "Bryn, Steinar"]
[Result "1-0"]
[WhiteElo "1752"]
[BlackElo "1561"]
[PlyCount "55"]
[EventDate "2003.01.??"]
[Source "EeEk"]
[SourceDate "2003.01.08"]

1. e4 e5 2. Nf3 Nc6 3. Bc4 Bc5 4. O-O d6 5. c3 Bg4 6. h3 Bh5 7. d3 Nf6 8. a4 a5
9. Be3 Bxe3 10. fxe3 O-O 11. Nbd2 Qe7 12. Qe1 h6 13. Nh4 Qd8 14. g4 Nxg4 15.
hxg4 Bxg4 16. Qg3 Qg5 17. Rf2 Nd8 18. Rg2 Be6 19. Qf2 Qh5 20. Nf5 Bxf5 21. exf5
c6 22. Qg3 Qg5 23. Qh3 Qxg2+ 24. Qxg2 d5 25. Bb3 Kh7 26. e4 f6 27. Qg6+ Kh8 28.
Kf2 1-0